| 000 | 00000nam##2200000za#4500 |
| 001 | 9.606162 |
| 003 | CaOODSP |
| 005 | 20210624212505 |
| 007 | cr ||||||||||| |
| 008 | 150406|2009||||xxc|||||o f|0| 0 fre|d |
| 040 | |aCaOODSP|bfre |
| 043 | |an-cn--- |
| 086 | 1 |aTU3-8/09-0084F-PDF |
| 110 | 2 |aBureau de la sécurité des transports du Canada. |
| 245 | 10|aFuite de pétrole brut d'un pipeline - Enbridge Pipelines Inc. Canalisation 2, poteau milliaire 474,7335 près d'Odessa (Saskatchewan) le 29 septembre 2009 |h[ressource électronique] |
| 260 | |bBureau de la sécurité des transports du Canada |c[2010]. |
| 300 | |a16p.|bfigure, carte, photographies |
| 490 | 1 |aRapport d’enquête de pipeline |vP09H0084 |
| 590 | |a13-22-Supp|b2013-09-26 |
| 775 | 08|tCrude oil pipeline leak - Enbridge Pipelines Inc., Line 2, Mile Post 474.7335 near Odessa, Saskatchewan, 29 September 2009 |w(CaOODSP)9.577602 |
| 830 | #0|aRapport d’enquête de pipeline ;|vP09H0084|w(CaOODSP)9.502072 |
| 856 | 40|ahttp://publications.gc.ca|qPDF|s415 Ko|uhttps://publications.gc.ca/collections/collection_2013/bst-tsb/TU3-8-09-0084-fra.pdf|yP09H0084 |